000 00491nam a2200193Ia 4500
008 191130s2000##################000#0#eng##
020 _a9783631364666
040 _aACL
_cACL
082 _a234.161 ALU
100 _aAlule, Cosmos
245 _aBaptism and Faith
_cCosmos Alule
260 _aBern
_bPeter Lang
_cc2000
300 _a367 p. ; 23 cm.
650 _aChristianity
650 _aReligion
990 _a84587075ac10000c4187a17d125bf2ba
991 _a99939
999 _c377398
_d377398